Revista de derecho procesal penal. el proceso penal adversarial: lineamientos para la reforma del sistema judicial / Tomo I :

Guardado en:
Autor Corporativo: Instituto de Estudios Comparados en Ciencias Penales y Sociales
Otros Autores: García Yomha, Diego, (coord.), Martínez, Santiago, (coord.), Binder, Alberto M., (prol.)
Formato: Libro
Idioma:Spanish
Publicado: Santa Fe : Rubinzal Culzoni, 2008.
Edición:1a. ed.
Materias:
Etiquetas: Agregar Etiqueta
Sin Etiquetas, Sea el primero en etiquetar este registro!
LEADER 00856nam a22002055a 4500
001 DER.der006699
008 180615s2008####ag#||||||||||||||#||spa||
005 20251031170007.0
245 1 0 |a Revista de derecho procesal penal.  |b el proceso penal adversarial: lineamientos para la reforma del sistema judicial /  |n Tomo I :  |c coordinado por Diego García Yomha, Santiago Martínez, y Edgardo Alberto Donna. 
250 |a 1a. ed. 
260 |a Santa Fe :  |b Rubinzal Culzoni,  |c 2008. 
300 |a 424 p. 
020 |a 9789507279164 
700 1 |a García Yomha, Diego,  |e coord. 
700 1 |a Martínez, Santiago,  |e coord. 
700 1 |a Donna, Edgardo Alberto,  |e dir. 
700 1 |a Binder, Alberto M.,  |e prol. 
710 1 |a Instituto de Estudios Comparados en Ciencias Penales y Sociales  |9 INECIP 
650 7 |a DERECHO PROCESAL PENAL 
859 |a DERECHO  |b BIB. DERECHO  |h 345.05  |i REV  |p 005896